| 000 | 00430nam a22001457a 4500 | ||
|---|---|---|---|
| 005 | 20130802153037.0 | ||
| 020 |
_a9788183482523 _c95.00 |
||
| 037 | _aKKP/VEN | ||
| 245 |
_aComprter Awareness for General Compentive Exam/ _cby R Pillai |
||
| 260 |
_aMeerut(UP) _bArihant |
||
| 270 |
_aKalindi,TP nager _bMeerut(UP) _e250002 _k0121-2401479 _l0121-2401648 |
||
| 300 |
_a766p. _c24cm.(pbk) |
||
| 942 |
_2ddc _cEN |
||
| 999 |
_c78333 _d78333 |
||